000 00272nam a2200097Ia 4500
008 241105s9999 xx 000 0 und d
041 _aeng
100 _aHeble Varada
_9182672
245 _aLandscape Approach For Khazan Ecosystem Goa
260 _bM Arch Landscape, Pune
_c2014
999 _c360963
_d360963